000 00482nam a22001577a 4500
005 20251108165247.0
008 250721s1981 xx 000 0 ara d
082 1 4 _a613.9/ضبي
100 1 _aضبيط، محمد
245 1 0 _aتنظيم الأسرة /
264 1 _aدمشق :
_bالإتحاد الدولي لتنظيم الأسرة ، إقليم العالم العربي،
_c1981.
300 _a134ص
650 1 7 _aتحديد النسل
942 _2ddc
_cBK
999 _c23478
_d23478